Deux générations / (Record no. 166397)

MARC details
000 -LEADER
campo de control de longitud fija 00818nam a22002175i 4500
001 - NÚMERO DE CONTROL
campo de control 166397
003 - IDENTIFICADOR DE NÚMERO DE CONTROL
campo de control ES-MaACL
005 - FECHA Y HORA DE LA ÚLTIMA TRANSACCIÓN
campo de control 20260316165934.0
008 - DATOS DE LONGITUD FIJA--INFORMACIÓN GENERAL
campo de control de longitud fija 050914s1886 fr | |||||||| ||fre d
040 ## - FUENTE DE CATALOGACIÓN
Centro catalogador/agencia de origen CAM
Lengua de catalogación spa
Centro/agencia transcriptor CAM
100 1# - ENTRADA PRINCIPAL--NOMBRE DE PERSONA
Nombre de persona Tolstói, Lev,
Fechas asociadas al nombre 1828-1910
9 (RLIN) 110489
245 10 - MENCIÓN DEL TÍTULO
Título Deux générations /
Mención de responsabilidad, etc. Comte Léon Tolstoï; traduction de E. Halpérine.
250 ## - MENCION DE EDICION
Mención de edición 3e éd.
260 ## - PUBLICACIÓN, DISTRIBUCIÓN, ETC.
Lugar de publicación, distribución, etc. Paris :
Nombre del editor, distribuidor, etc. Perrin et c\pie\s libraires-éditeurs,
Fecha de publicación, distribución, etc. 1886 (
Lugar de fabricación/manufactura Poitiers :
Fabricante Imprimerie Générale de l'Ouest)
300 ## - DESCRIPCIÓN FÍSICA
Extensión 260 p. ;
Dimensiones 18 cm.
700 1# - ENTRADA AGREGADA--NOMBRE PERSONAL
Nombre de persona Gal'perin-Kaminskij, Il'â Danilovic,
Fechas asociadas al nombre 1858-1936
Término indicativo de función/relación
9 (RLIN) 127773
752 ## - ENTRADA AGREGADA--NOMBRE JERÁRQUICO DEL LUGAR
País o entidad superior Francia -
Ciudad París
852 ## - LOCALIZACIÓN
Ubicación ES-MaACL
Número de control de estantería F-9547
Nota libre -- Enc. hol. conservando la cub. original
-- -- En la cub. original consta 4e éd.
Holdings
Estatus retirado Estado de pérdida Estado de daño No para préstamo Colección Biblioteca de origen Biblioteca actual Ubicación en estantería Fecha de adquisición Fuente de adquisición Total de préstamos Signatura topográfica completa Código de barras Visto por última vez Precio de reemplazo Tipo de ítem Koha
        Libros del s. XIX Biblioteca del Ateneo de Madrid Biblioteca del Ateneo de Madrid Sala Pecera Planta 2 17/01/2008     F-9547 1174518 23/02/2023 23/02/2023 Libro impreso antiguo